00193nam a22000737a 4500082002200000245005200022526003700074650000800111 a954.03170223bMAP aMap siege of delhi plan of the british position a0b0c0d954_031702230000000_MAP aMCE